|
|
|
|
| LEADER |
00000nam0a2200000 4500 |
| 001 |
281847 |
| 005 |
20231101235436.0 |
| 020 |
|
|
|a RU
|b 84-66495
|
| 035 |
|
|
|a (RuTPU)RU\TPU\book\305695
|
| 090 |
|
|
|a 281847
|
| 100 |
|
|
|a 20150126d1984 km y0rusy5003 ca
|
| 101 |
0 |
|
|a rus
|
| 102 |
|
|
|a RU
|
| 105 |
|
|
|a a z 001zy
|
| 200 |
1 |
|
|a Геологическая съемка районов развития куполовидных структур докембрия
|f Всесоюзный научно-исследовательский геологический институт (ВСЕГЕИ)
|
| 210 |
|
|
|a Ленинград
|c Недра
|d 1984
|
| 215 |
|
|
|a 234 с.
|c ил.
|d 22 см
|
| 225 |
1 |
|
|a Методическое пособие по геологической съемке масштаба 1:50000
|v Вып. 9
|
| 320 |
|
|
|a Библиогр.: с. 228-232
|
| 606 |
1 |
|
|a Геология структурная
|2 stltpush
|3 (RuTPU)RU\TPU\subj\6122
|9 34080
|
| 606 |
1 |
|
|a Докембрийские отложения
|2 stltpush
|3 (RuTPU)RU\TPU\subj\9862
|9 37021
|
| 606 |
1 |
|
|a Геологическая съемка
|2 stltpush
|3 (RuTPU)RU\TPU\subj\6039
|9 34003
|
| 610 |
1 |
|
|a докембрий
|
| 610 |
1 |
|
|a куполовидные структуры
|
| 610 |
1 |
|
|a щиты
|
| 610 |
1 |
|
|a складчатые области
|
| 610 |
1 |
|
|a оруденение
|
| 610 |
1 |
|
|a рудная зональность
|
| 675 |
|
|
|a 551.243
|z rus
|v 3
|
| 675 |
|
|
|a 551.71/.72
|z rus
|v 3
|
| 675 |
|
|
|a 550.8:528
|z rus
|v 3
|
| 712 |
0 |
2 |
|a Всесоюзный научно-исследовательский геологический институт (ВСЕГЕИ)
|c (Ленинград)
|c (1939-1991)
|2 stltpush
|3 (RuTPU)RU\TPU\col\11367
|
| 801 |
|
0 |
|a RU
|b RuMRKP
|c 19950704
|g psbo
|
| 801 |
|
1 |
|a RU
|b 63413507
|c 20150126
|
| 801 |
|
2 |
|a RU
|b 63413507
|c 20170207
|g RCR
|
| 942 |
|
|
|c BK
|